000 00872cam a2200289 a 4500
999 _c5428
_d5428
001 1810527
003 GBCCL
005 20241126110541.0
008 800123s1979 txu b 000 0 eng
010 _a 79063269
020 _a0834400693 (v. 1)
020 _a0834400995 (v. 2)
040 _aDLC
_cDLC
_dDLC
050 0 0 _aBS2625.3
_b.O84
082 0 0 _a225.77
_a226.6077
_219
_bLIV
100 1 _aAsh, Anthony Lee.
_99752
245 1 4 _aThe Acts of the Apostles /
_cAnthony Lee Ash.
260 _aAustin, Tex. :
_bSweet Pub. Co.,
_cc1979.
300 _a2 v. ;
_c22 cm.
440 4 _aThe Living word commentary ;
_v6
_99753
500 _aVol. 2: By Richard Oster.
504 _aBibliography: v. 1, p. 22-23.
630 0 0 _aBible.
_pActs
_xCommentaries.
_9845
700 1 _aOster, Richard.
_99754
906 _a7
_bcbc
_corignew
_d2
_eopcn
_f19
_gy-gencatlg
942 _2ddc
_cREF